书目信息 |
| 题名: |
世界旅游发展史
|
|
| 作者: | 彭顺生 著 | |
| 分册: | ||
| 出版信息: | 北京 中国旅游出版社 2006 |
|
| 页数: | 312页 | |
| 开本: | 23cm | |
| 丛书名: | ||
| 单 册: | ||
| 中图分类: | F591.9 | |
| 科图分类: | ||
| 主题词: | 旅游经济--经济史--世界 , 旅游经济 , 经济史 | |
| 电子资源: | ||
| ISBN: | 7-5032-2868-7 | |
| 000 | 01079nam0 2200277 450 | |
| 001 | 003180573 | |
| 005 | 20070807150043.73 | |
| 010 | @a7-5032-2868-7@dCNY32.00 | |
| 035 | @a003180573 | |
| 100 | @a20060104d2006 em y0chiy0110 ea | |
| 101 | 0 | @achi |
| 102 | @aCN@b110000 | |
| 105 | @ay z 000yy | |
| 106 | @ar | |
| 200 | 1 | @a世界旅游发展史@Ashi jie lv you fa zhan shi@dDevelopment history of world tourism@f彭顺生著@Fpeng shun sheng zhu@zeng |
| 210 | @a北京@c中国旅游出版社@d2006 | |
| 215 | @a312页@d23cm | |
| 330 | @a本书对跨越人类四个社会形态、长达数千年的世界旅游史进行了系统的梳理,对历史上出现过的有影响的旅游活动、旅游事件作了精心的考证,从旅游交通与设施、旅游活动的类型、旅游景点的建设与开发、旅游中介机构和旅游组织、旅行家和旅游文献等多维的角度向人们展示了一幅波澜壮阔的世界旅游史画卷。 | |
| 510 | 1 | @aDevelopment history of world tourism@zeng |
| 606 | 0 | @a旅游经济@x经济史@y世界 |
| 606 | 0 | @a旅游经济 |
| 606 | 0 | @a经济史 |
| 690 | @aF591.9@v4 | |
| 701 | 0 | @a彭顺生@Apeng shun sheng@c(副教授)@4著 |
| 801 | 0 | @aCN@bNLC@c20070807 |
| 905 | @dF591.9@e207@f2 | |
| 世界旅游发展史=Development history of world tourism/彭顺生著.-北京:中国旅游出版社,2006 |
| 312页;23cm |
| ISBN 7-5032-2868-7:CNY32.00 |
| 本书对跨越人类四个社会形态、长达数千年的世界旅游史进行了系统的梳理,对历史上出现过的有影响的旅游活动、旅游事件作了精心的考证,从旅游交通与设施、旅游活动的类型、旅游景点的建设与开发、旅游中介机构和旅游组织、旅行家和旅游文献等多维的角度向人们展示了一幅波澜壮阔的世界旅游史画卷。 |
| ● |
| 相关链接 |
|
|
|
|
正题名:世界旅游发展史
索取号:F591.9/207
 
预约/预借
| 序号 | 登录号 | 条形码 | 馆藏地/架位号 | 状态 | 备注 |
| 1 | 0853550 | 208535502 | 第一样本阅览室/ [索取号:F591.9/207] | 在馆 | |
| 2 | 0853551 | 208535511 | 第一借阅区/ [索取号:F591.9/207] | 在馆 |